V divadle, kde nehrajú a netlieskajú Nové otázky okolo atentátu na Abraháma Lincolna, ktorý pred stotridsiatimi rokmi otriasol Amerikou

Bibliographic Details
Main Authors: Vároš, Milan, 1937- (Author), Booth, John Wilkes (Author)
Format: Article
Language:Slovak
PhysicalDescription:Fotogr. 14
ISSN:0139-6323
Subjects:

MARC

LEADER 00000nab a2200000 a 4500
001 vtls000560885
003 SK-MaSNL
005 20260303015321.0
008 150430c1995 xo 0 slo
015 |a SNBRB19rr/mm-uuuuu 
035 |a CL0561023 
040 |a SNKBUCL  |b slo  |c SNKBUCL  |e AACR2 
041 0 |a slo 
044 |a xo  |c SK 
080 |a 973-051"18"  |2 1981 
080 |a 929 Lincoln, Abraham  |2 1981 
100 1 |a Vároš, Milan,  |d 1937-  |4 aut  |9 102812 
245 1 0 |a V divadle, kde nehrajú a netlieskajú  |b Nové otázky okolo atentátu na Abraháma Lincolna, ktorý pred stotridsiatimi rokmi otriasol Amerikou  |c Milan Vároš 
300 |b Fotogr. 14 
600 1 7 |a Lincoln, Abraham,  |d 1809-1865  |2 snkbucl  |9 194226 
655 7 |a články z novín a časopisov  |2 snkbucl  |9 267496 
700 1 |a Booth, John Wilkes  |4 aut  |9 998083 
773 0 |t Život  |g Roč. 45, č. 40 (1995), s. 8-10  |x 0139-6323 
850 |a Slovenská národná knižnica v Martine  |a MTA001 
852 |a SNK  |b KIS3GCP 
958 |a RK 
958 |a BC 
992 |a RBX 
999 |c 1612098  |d 1614028